00333nam a2200097Ia 4500008004100000041001200041100002600053245014400079260000600223650000600229221030s9999 xx 000 0 und d aEnglish aInformation Brochure 0aQuality Improvement Programme for Teacher of engineering college Admission to Masters` Degree programme 2003-2004cby Information Brochure c0 aB